000 00668nam a2200241Ia 4500
003 OSt
005 20221006153553.0
006 a|||||r|||| 00| 0
007 ta
008 221006b |||||||| |||| 00| 0 eng d
024 _a32,725
037 _cSeries Articles
040 _aEASL
_cEASL
_beng
041 _2eng
_aeng
100 _aSaunders Peter Au.
_9664454
245 0 _aComparing poverty among older people in urban China internationally
260 _aLondon
_bCambridge University Press UK
_c2007
300 _a451-465
_ccm.
490 _v190
650 _aEconomics
942 _cREF
_2CC
999 _c1100811
_d1100811